Social matrix of tribal village (Record no. 477658)

000 -LEADER
fixed length control field 00462cam a22001457a 4500
008 - FIXED-LENGTH DATA ELEMENTS--GENERAL INFORMATION
fixed length control field 180718b1989 xxu||||| |||| 00| 0 eng d
082 ## - DEWEY DECIMAL CLASSIFICATION NUMBER
Classification number BA27x5413 T326
100 ## - MAIN ENTRY--PERSONAL NAME
Personal name Thakur, R.N.
245 ## - TITLE STATEMENT
Title Social matrix of tribal village
Statement of responsibility, etc. by R.N. Thakur
260 ## - PUBLICATION, DISTRIBUTION, ETC.
Place of publication, distribution, etc. Delhi
Name of publisher, distributor, etc. Archives Books
Date of publication, distribution, etc. 1989
300 ## - PHYSICAL DESCRIPTION
Extent 135p.
650 ## - SUBJECT ADDED ENTRY--TOPICAL TERM
Topical term or geographic name entry element Amwar Santali (India) --Economic conditions.
650 ## - SUBJECT ADDED ENTRY--TOPICAL TERM
Topical term or geographic name entry element Amwar Santali (India) --Social conditions
650 ## - SUBJECT ADDED ENTRY--TOPICAL TERM
Topical term or geographic name entry element Santal (South Asian people)
Holdings
Withdrawn status Lost status Damaged status Not for loan Permanent Location Current Location Date acquired Full call number Barcode Date last seen Price effective from Koha item type
        Indian Institute of Public Administration Indian Institute of Public Administration 2018-08-04 BA27x5413 T326 GR15730 2018-08-04 2018-08-04 GR

Powered by Koha